书目信息 |
| 题名: |
基于农户收入差异视角的农田水利设施供给效果研究
|
|
| 作者: | 贾小虎 著 | |
| 分册: | ||
| 出版信息: | 北京 中国农业出版社 2019.12 |
|
| 页数: | 167页 | |
| 开本: | 23cm | |
| 丛书名: | ||
| 单 册: | ||
| 中图分类: | S279.2 | |
| 科图分类: | ||
| 主题词: | 农田水利--nong tian shui li--水利工程管理--研究--中国 | |
| 电子资源: | ||
| ISBN: | 978-7-109-26370-3 | |
| 000 | 01218nam0 2200241 450 | |
| 001 | 0106081819 | |
| 005 | 20201106082044.0 | |
| 010 | @a978-7-109-26370-3@dCNY45.00 | |
| 100 | @a20200905d2019 em y0chiy50 ea | |
| 101 | 0 | @achi@deng |
| 102 | @aCN@b110000 | |
| 105 | @ay z 000yy | |
| 106 | @ar | |
| 200 | 1 | @a基于农户收入差异视角的农田水利设施供给效果研究@Aji yu nong hu shou ru cha yi shi jiao de nong tian shui li she shi gong ji xiao guo yan jiu@dEffectiveness of irrigation supply from the perspective of differential farmers' income@f贾小虎著@zeng |
| 210 | @a北京@c中国农业出版社@d2019.12 | |
| 215 | @a167页@d23cm | |
| 330 | @a本书以公共产品理论、帕累托最优理论、集体行动理论、消费者行为理论为指导,在梳理国内外农田水利设施等公共产品供给相关文献的基础上,运用定性分析与定量分析相结合的研究方法,围绕农田水利设施供给水平评价、收入差异农户对农田水利设施供给满意度、农田水利设施供给效果展开系统研究。 | |
| 510 | 1 | @aEffectiveness of irrigation supply from the perspective of differential farmers' income@zeng |
| 606 | 0 | @a农田水利@Anong tian shui li@x水利工程管理@x研究@y中国 |
| 690 | @aS279.2@v5 | |
| 701 | 0 | @a贾小虎@Ajia xiao hu@4著 |
| 801 | 0 | @aCN@bBJSZM@c20201106 |
| 905 | @b1192116-9@dS279.2@e62@f4 | |
| 基于农户收入差异视角的农田水利设施供给效果研究=Effectiveness of irrigation supply from the perspective of differential farmers' income/贾小虎著.-北京:中国农业出版社,2019.12 |
| 167页;23cm |
| ISBN 978-7-109-26370-3:CNY45.00 |
| 本书以公共产品理论、帕累托最优理论、集体行动理论、消费者行为理论为指导,在梳理国内外农田水利设施等公共产品供给相关文献的基础上,运用定性分析与定量分析相结合的研究方法,围绕农田水利设施供给水平评价、收入差异农户对农田水利设施供给满意度、农田水利设施供给效果展开系统研究。 |
| ● |
| 相关链接 |
|
|
|
|
正题名:基于农户收入差异视角的农田水利设施供给效果研究
索取号:S279.2/62
 
预约/预借
| 序号 | 登录号 | 条形码 | 馆藏地/架位号 | 状态 | 备注 |
| 1 | 1192116 | 211921161 | 第二样本阅览室/ [索取号:S279.2/62] | 在馆 | |
| 2 | 1192117 | 211921170 | 第三借阅区/ [索取号:S279.2/62] | 在馆 | |
| 3 | 1192118 | 211921189 | 第三借阅区/ [索取号:S279.2/62] | 在馆 | |
| 4 | 1192119 | 211921198 | 第三借阅区/ [索取号:S279.2/62] | 在馆 |